00523nam a2200193 a 4500001001300000003000900013005001700022008004100039020001000080082001800090100002300108245004200131260004200173300000900215500003500224505002300259650002400282700002300306nice12345678IN_TiNIC20260116012730.0050524s1989 dela grp 000 0 eng  ac10000a297.1228bKHA aKhan, Mohd Shabbir aIslamb Social and Economic Structure aDelhibAshish Publishing House c1989 a146p aincludes index and biblioraphy2 aIndex and Glossary aQuran and Sociology1 aKhan, Mohd Shabbir